| 000 -LEADER |
| fixed length control field |
00365nam a22001457a 4500 |
| 003 - CONTROL NUMBER IDENTIFIER |
| control field |
OSt |
| 005 - DATE AND TIME OF LATEST TRANSACTION |
| control field |
20200526151312.0 |
| 008 - FIXED-LENGTH DATA ELEMENTS--GENERAL INFORMATION |
| fixed length control field |
200526b ||||| |||| 00| 0 eng d |
| 020 ## - INTERNATIONAL STANDARD BOOK NUMBER |
| International Standard Book Number |
9781864704655 |
| 082 ## - DEWEY DECIMAL CLASSIFICATION NUMBER |
| Classification number |
728.099CRA |
| 100 ## - MAIN ENTRY--PERSONAL NAME |
| Personal name |
Crafti, Stephen |
| 245 ## - TITLE STATEMENT |
| Title |
Reviving : great houses from the past |
| 260 ## - PUBLICATION, DISTRIBUTION, ETC. (IMPRINT) |
| Name of publisher, distributor, etc |
Images Publishing Group Pty Ltd |
| 942 ## - ADDED ENTRY ELEMENTS (KOHA) |
| Source of classification or shelving scheme |
|